00721 2200241 4500001002100000005001700021008004100038020001800079035002400097082001000121090002000131100002000151245009600171250001100267260004400278300002800322650002900350650004900379700001800428850001200446985000600458999001500464YOGYA-0209000004871720090227032109.0 ind  a979-8289-90-0 0010-020900000048717 a727.8 a727.8bHer SlT aHemawati, Retno aStandar gedung dan perabot perpustakaan SD inticTim Penyusun Retno Hermawati, Nani Suryani aCet. 1 aJakartabPerpustakaan nasional RIc1999 aiv, 52 hlmbilusc23 cm aPerpustakaan, Arsitektur aPerpustakaan sekolah - alat dan perlengkapan aSuryani, Nani aYOPDYOG a5 a99A0032827